Baseball A - Z - Statistics

General Stats
  • This quiz has been taken 37 times
  • The average score is 20 of 23
Answer Stats
Hint Answer % Correct
C: The position behind home plate catcher
100%
F: The batter hits the ball out of play, its a ____ ____ foul
100%
H: The ball is out of the park, it's a _____ ___ home run
100%
R: When a team scores run
100%
D: When the batter gets a hit, runs to second base and is safe double
97%
E: When the game is tied after the 9th inning, it goes into ______ ____ extra innings
97%
N: There's the American League, and there's the _____ ______ national league
97%
L: The batter who hits first in the batting order leadoff
94%
T: When the runner gets a hit, runs to the third and is safe triple
94%
A: When the batter is batting at bat
91%
B: When the pitcher does an illegal move and the runners advance a base balk
91%
I: When both teams hit and pitch, its an _______ inning
91%
P: When a pitcher pitches the entire game and doesn't allow any baserunners perfect game
91%
U: What all MLB players wear when the play a game uniform
91%
K: A pitch with no spin on it knuckleball
88%
G: When the batter hits the ball on the ground ground ball
79%
W: The strip of dirt before the outfield fence warning track
79%
J: When a pitcher throws nasty stuff, its called _____ junk
73%
O: The player who's about to bat stands in the _______ on deck circle
73%
S: When the pitcher tosses a full game without giving up a run shutout
67%
M: A easy fastball right down the middle of the zone meatball
64%
Q: When a pitcher pitches at least 6 innings and allows 3 earned runs or fewer quality start
64%
V: The team that comes and bats first in the beginning of the game visiting team
55%
No matching quizzes found
Score Distribution
Percent of People with Each Score
Percentile by Number Answered
Your Score History
You have not taken this quiz